Modern politics and government /

Saved in:
Bibliographic Details
Main Author: Ball, Alan R.
Format: Book
Language:English
Published: London : Macmillan, 1971.
Series:Macmillan student editions
Subjects:
LEADER 01146cam a2200313 a 4500
001 c000270242
003 CARM
005 20070831125015.0
008 720110s1971 enka b 001 0 eng
015 |a B71-13906 
019 1 |a 24061960  |z 116035  |z 27506234  |5 LACONCORD2021 
020 |a 0333118081 
035 |a (OCoLC)227597  |5 LACONCORD2021 
040 |a LC  |b eng  |c LC  |d XNTU 
050 0 0 |a JA66  |b .B29 
082 0 4 |a 320  |2 19 
100 1 |a Ball, Alan R. 
245 1 0 |a Modern politics and government /  |c Alan R. Ball. 
260 |a London :  |b Macmillan,  |c 1971. 
300 |a x, 287 p. :  |b ill. ;  |c 19 cm. 
490 0 |a Macmillan student editions 
500 |a Includes index. 
504 |a Bibliography: p. 269-278. 
650 0 |a Political science. 
852 8 |b CARM  |h A1:AN28A0  |i A04787  |p 0383215  |f BK 
852 8 |b CARM  |h A1:AP31A0  |i A04400  |p 0353372  |f BK 
999 f f |i 094bcf5a-8f70-5080-99bd-116cebf4812d  |s 902348c5-5743-5eee-82bc-92ba724a3889 
952 f f |p Can circulate  |a CAVAL  |b CAVAL  |c CAVAL  |d CARM 1 Store  |e A04400  |f A1:AP31A0  |h Other scheme  |i book  |m 0353372 
952 f f |p Can circulate  |a CAVAL  |b CAVAL  |c CAVAL  |d CARM 1 Store  |e A04787  |f A1:AN28A0  |h Other scheme  |i book  |m 0383215